The art of control engineering /

This book is about: An introduction to control system modelling; System responses, stability and performance; System identification and modelling revisited; ...

Сохранить в:
Библиографические подробности
Главный автор: Dutton, Ken.
Другие авторы: Barraclough, Bill., Thompson, Steve.
Формат:
Язык:English
Опубликовано: Harlow [England] : Addison-Wesley, 1997.
Предметы:
Метки: Добавить метку
Нет меток, Требуется 1-ая метка записи!
Thư viện lưu trữ: Mạng thư viện Đại học Đà Nẵng
LEADER 01347cam a2200385 i 4500
001 000048493
003 8212
005 20180117095611.0
008 010324b1997 vm 000 eng
020 |a 0201175452 
040 |a LRCC  |c LRCC  |d LRCC 
041 0 |a eng 
082 1 4 |a 629.8  |b DU-K 
100 1 |a Dutton, Ken. 
245 1 4 |a The art of control engineering /  |c Ken Dutton, Steve Thompson, Bill Barraclough. 
260 |a Harlow [England] :  |b Addison-Wesley,  |c 1997. 
300 |a 813 p. ;  |c 24.5 cm. 
520 3 |a This book is about: An introduction to control system modelling; System responses, stability and performance; System identification and modelling revisited; ... 
630 0 4 |a Engineering. 
630 0 4 |a Automatic control. 
650 0 4 |a Automatic control. 
700 1 |a Barraclough, Bill. 
700 1 |a Thompson, Steve. 
OWN |a DUT 
AVA |a UDN50  |b DUT  |c Book  |d 629.8 DU-K  |e available  |t Error 5001 Not defined in file expand_doc_bib_avail.  |f 1  |g 0  |h N  |i 0  |j SH  |k 1 
999 |a From the UDN01 
AVA |a UDN50  |b DUT  |c Book  |d 629.8 DU-K  |e available  |t Error 5001 Not defined in file expand_doc_bib_avail.  |f 1  |g 0  |h N  |i 0  |j SH  |k 1 
TYP |a Monograph 
TYP |a Printed language 
980 |a Mạng thư viện Đại học Đà Nẵng